00722nam a2200157 a 450000100100000000500170001000800410002704000250006808200160009324501810010926000510029030000210034104900090036295201760037199900170054700003237720200930065617.0110714s1931 dr 000 0 spa d aDO-SdBNPbspacBNPHU axxxxbM533c00aMemoria que al Hon. presidente de la República presenta al Dr. Aristides Filallo Cabral secretario de estado de Sanidad y Beneficiencia durante su gestión en el año 1930. aSanto Domingo :bImprenta Montalvo,Hos,c1931. a378 p. ;c28 cm. aBNPD 0010718PDaPDbPDcCTd2011-07-14iLF1l0oxxxx M533cp32377-10r2020-06-25w2020-06-25yLFPDzPerteneció a la biblioteca personal de Julio Ortega Frier.ZNo se presta c31868d31868